Normal view
MARC view
- Rastelli Nino
Entry Personal Name
001 - CONTROL NUMBER
- control field: 10909
003 - CONTROL NUMBER IDENTIFIER
- control field: IT-RoPau
005 - DATE AND TIME OF LATEST TRANSACTION
- control field: 20140127121458.0
008 - FIXED-LENGTH DATA ELEMENTS
- fixed length control field: 140127|| aca||aabn | a|a d
040 ## - CATALOGING SOURCE
- Original cataloging agency: IT-RoPau
- Transcribing agency: IT-RoPau
100 ## - HEADING--PERSONAL NAME
- Personal name: Rastelli Nino
- Dates associated with a name: Codice autore musica SPICS: 13482
- Relator term: Autore musica
- Name of part/section of a work: Vieni... vieni...
670 ## - SOURCE DATA FOUND
- Source citation: Work cat.: (IT-RoPau)102863: AA.VV. 794, Ribalta per due